| 000 | 00518nam a2200181 i 4500 | ||
|---|---|---|---|
| 001 | 17467 | ||
| 003 | ES-MaACL | ||
| 005 | 20230906151608.0 | ||
| 007 | t| | ||
| 008 | 010312s1997 sp ||||1| spa d | ||
| 020 | _a84-88564-90-2 | ||
| 080 | _a821.134.2-31"19" | ||
| 100 | 1 |
_aRodríguez Chaves, José. _998420 |
|
| 245 | 1 | 0 |
_aHan cantado los ruiseñores _b: novela / _cJosé Rodríguez Chaves. |
| 260 |
_aMadrid : _bHuerga & Fierro, _c1997. |
||
| 300 |
_a157 p. ; _c22 cm. |
||
| 852 |
_aES-MaACL _jL-24356 _bR.129574 |
||
| 999 |
_c17467 _d17467 |
||